| 000 | 01436nam a22002417 4500 | ||
|---|---|---|---|
| 999 |
_c974 _d974 |
||
| 003 | AR-BaISA | ||
| 005 | 20220613183014.0 | ||
| 007 | ta | ||
| 008 | 220613s1961 ag |||| |||| 000 0 spa d | ||
| 040 |
_bspa _cAR-BaISA |
||
| 082 | 0 | 4 |
_222 _a373.8 Et18 |
| 100 | 1 |
_92301 _aEtcheverry, Delia |
|
| 245 | 1 | 3 |
_aEl adolescente y la escuela secundaria / _cDelia Etcheverry |
| 260 |
_aBuenos Aires: _bEudeba, _c1961 |
||
| 300 | _a79 p. | ||
| 490 | 1 | _aLa escuela en el tiempo | |
| 504 | _aBibliografía p.: 74-77. | ||
| 505 |
_tEL DRAMA DE LA ADOLESCENCIA ARGENTINA Y SUDAMERICANA: _tCaracteres de la adolescencia -- _t¿La escuela secundaria sudamericana satisface las necesidades del adolescente señaladas en congresos y seminarios de educación? -- _tPanorama del profesorado argentino y sudamericano -- _tLa desconexión existente entre la escuela secundaria y el medio social _t¿REFORMA DE DETALLES O CAMBIO FUNDAMENTAL DE ESTRUCTURAS?: _tLa realidad económica, social, política y cultural de Sudamérica y sus relaciones con la educación -- _tEl derecho del adolescente a la educación secundaria -- _tLa disciplina -- _tEl principio de socialización de la enseñanza: el trabajo de grupo, el seminario. La promoción sin examen -- _tLa escuela secundaria en sus relaciones con la comunidad |
||
| 650 | 1 | 0 |
_9598 _aEducación secundaria |
| 650 | 1 | 0 |
_91330 _aAdolescencia |
| 830 |
_92302 _aLa escuela en el tiempo |
||
| 942 |
_2ddc _cLI _e22 |
||